Vista normal
Vista MARC
Entrada Nombre personal
Número de registros utilizados en: 1
001 - NÚMERO DE CONTROL
- Campo de control: 17364
003 - IDENTIFICADOR DE NÚMERO DE CONTROL
- Campo de control: ES-MaCES
005 - FECHA Y HORA DE LA ULTIMA MODIFICACION
- Campo de control: 20161114142940.0
008 - ELEMENTOS DE DATOS DE LONGITUD FIJA
- Campo de longitud fija: 101122 | azznnaabn |n aaa d
035 ## - NÚMERO DE CONTROL DEL SISTEMA
- Número de control del sistema: CES20100011877n
040 ## - FUENTE DE LA CATALOGACIÓN
- Agencia original de catalogación: ES-MaCES
- Idioma de catalogación: spa
- Agencia de transcripción: ES-MaCES
100 1# - ENCABEZAMIENTO--NOMBRE DE PERSONA
- Nombre personal: Maluquer de Motes i Bernet, Carlos J.
400 ## - TRAZADO VEÁSE--NOMBRE DE PERSONA
- Nombre personal: Maluquer de Motes, Carles
400 ## - TRAZADO VEÁSE--NOMBRE DE PERSONA
- Nombre personal: Maluquer de Motes, Carlos
400 ## - TRAZADO VEÁSE--NOMBRE DE PERSONA
- Nombre personal: Maluquer de Motes, Carlos J.
400 ## - TRAZADO VEÁSE--NOMBRE DE PERSONA
- Nombre personal: Maluquer de Motes Bernet, Carlos J.
400 ## - TRAZADO VEÁSE--NOMBRE DE PERSONA
- Nombre personal: Maluquer de Motes i Bernet, Carles
400 ## - TRAZADO VEÁSE--NOMBRE DE PERSONA
- Nombre personal: Maluquer de Motes i Bernet, Carles J.
670 ## - FUENTE DE DATOS ENCONTRADOS
- Fuente de citación: Dialnet, contrariamente a BN que normaliza como: Maluquer de Motes i Bernet, Carles J.)
- Información encontrada: Universidad de barcelona, Derecho Civil
901 ## - CES. DATOS SIRTEX
- ID Sirtex (N5N8): 0001500022255
- 005BIS Sirtex: 201011221122ALORITE

